Kylie Minogue Lyrics - Statistics

General Stats
  • This quiz has been taken 38 times
    6 since last reset
  • The average score is 109 of 355
Answer Stats
Lyric Answer % Correct
Bring your good times and your laughter too Celebration
100%
You're eager for love but don't you worry Give Me Just a Little More Time
100%
Then I discovered, I guess you couldn't love me It's No Secret
100%
The dreaming, believing and everything’s so revealing Love
100%
Pull focus, close up, you and me Slow
100%
No matter how I take it, there's no way I'm gonna fake it Spinning Around
100%
I can feel my antenna just sensing you up Wow
100%
It feels like I never saw the sun 2 Hearts
75%
My friends wanna go out but I can't cancel my plans All I See
75%
I know you find it hard but, baby, breathe All the Lovers
75%
I was gone and now I'm back Aphrodite
75%
There's a million things to learn they never teach you in school Better Than Today
75%
I've heard them all before a hundred times or more Better the Devil You Know
75%
My mind is completely devoted to you Butterfly
75%
Don't leave me locked in your heart Can't Get You Out of My Head
75%
I've been such a long time waiting for someone I can call my own Come Into My World
75%
You were in my heart, my love never changed Especially For You
75%
There ain't a surgeon like you any place in all the world Fever
75%
You want to dance but you don’t trust your feet Fine
75%
You just show your selfish attitude Finer Feelings
75%
I don't recognize the zombie you've turned into Get Outta My Way
75%
It's just that I believe, lovers should stick together Got to be Certain
75%
Well it's one thing to fall in love, but another to make it last Hand on Your Heart
75%
The joker's always smiling in every hand that's dealt I Believe in You
75%
In this crowded place, there is only you In Your Eyes
75%
And I would come a-running to give you all my loving I Should Be So Lucky
75%
Expect me just to hang around and you never call Je Ne Sais Pas Pourquoi
75%
The purpose of a woman is to love her man Kids
75%
One tear falls, tension cracks the walls, then relief comes Kiss Me Once
75%
You show me all the colours when I'm feeling blue Koocachoo
75%
Have yourself a taste of foreign glamour Light Years
75%
My heart was so full of emotion and I just had to see him again | Was tired of running out of luck, thinking 'bout giving up Love at First Sight
75%
Live your love like heaven, sur la mer Loveboat
75%
Time is disappearing, this moment's never leaving Magic
75%
You told me you liked Earth, Wind and Fire and that made my mind up Monday Blues
75%
I get the shivers every time you say my name Padam Padam
75%
There's no rhyme or reason that keeps me playing along Put Yourself in My Place
75%
Pumpin' the muscle, blame it on the boogie Step Back in Time
75%
It's not a pool of sorrow that I'm harbouring Tears
75%
I'd gladly take you back and tempt the hand of fate Tears on My Pillow
75%
I'm your esca-a-ape, I'm your vacay-ay-ay Tension
75%
If you have faith in me then I'll believe in you Turn it Into Love
75%
He wiped at the tears that ran down my face Where the Wild Roses Grow
75%
Ain't but one redeeming feature so you may as well accept your fate Word is Out
75%
I know they say love is blind, but he's the best thing that's happened to me Wouldn't Change a Thing
75%
Wanna kiss me where the sun don't shine 10 out of 10
50%
Heaven knows I've tried my best, I'm swimming in a sea of loneliness A Lifetime to Repair
50%
Feels like yesterday has come and gone but nothing's changed Beautiful
50%
I'm frightened but I won't let it show Breathe
50%
If you drink me up, I'm gonna quench your thirst Burning Up
50%
Strike a pose, there's nothing to it Burning Up / Vogue
50%
There doesn't have to be a reason, there doesn't have to be a why Can't Beat the Feeling
50%
My heart's been mended, who'd have thought it would? Chocolate
50%
I can keep a secret and throw away the key Confide In Me
50%
She was a showgirl with yellow feathers in her hair Copacabana
50%
I feel the ordinary is surreal Cowboy Style
50%
When everyone has up and gone and you don't know what will get you through Crystallise
50%
I'm hooked on your line, under your spell, your love is king Cupid Boy
50%
Calling all the lovers, get you in the mood Dance to the Music
50%
When the final curtain falls, we can say we did it all Dancing
50%
Night is young and the music's high Dancing Queen
50%
Could be in the deepest sea of dark Diamonds
50%
You met with the monster in your mind Did it Again
50%
It's been ten years now this Sunday since you left, or was it Monday? Disco Down
50%
To know the limit of torture and tenderness Dreams
50%
I need a shot of love 'cause I got a bad, bad habit Give It To Me
50%
I lay intoxicated while angels circled high above Giving You Up
50%
Tomorrow has all the answers, today says we’ve just begun Golden
50%
All of that space made me change into someone you can't afford Good as Gone
50%
Darkness is nothing when hope's shining through Green Light
50%
You're killin' that but I'm queenin' this Hands
50%
Someday soon we all will be together if the fates allow Have Yourself a Merry Little Christmas
50%
And when you touch me, I cannot believe that this is real Hello
50%
Every second's yours to have and to hold Hold On To Now
50%
If I set you free and you actually came back to me If Only
50%
If I'm sure of one thing, one love at a time If You Were With Me Now
50%
Are you what you seem? Because I'm losing my belief Illusion
50%
No more wondering where I belong In My Arms
50%
I paved the road that would one day leave me lonely Into the Blue
50%
I thought about the strength that I got from all of the prayers I Was Gonna Cancel
50%
Don't know the truth, but I wouldn't wanna trust it Just Imagine
50%
Midnight until morning, turn on more than the lights Kiss Bang Bang
50%
If love's a drug, we're higher than stilettos Les Sex
50%
I've brought some corn for popping Let It Snow
50%
Let's put the key to the door, don't put it off anymore Let's Get To It
50%
I look stellar tonight, my armour is by Gaultier Lights Camera Action
50%
This notion of needing has held me ransom Limbo
50%
A little bit of rhythm and a lot of soul Locomotion
50%
I don't want to think about the sun, no, not tonight Love Affair
50%
Ninety-nine lives, Super Mario Love Train
50%
You’re the one that I want, it’s so clear to me Million Miles
50%
Deepest emotions run wild, don’t wanna live a lie Miss a Thing
50%
Make me sigh with sheer delight as, baby, you caress and soothe More More More
50%
I'm Kylie, it's gemini My Oh My
50%
You just creep right back inside and there's no place I can hide Never Too Late
50%
Karaoke in Tokyo, shaking that samba in Rio New York City
50%
Have you ever been scared of the water and stuck on the edge? No More Rain
50%
This time I'd make you see, it's her or me Nothing to Lose
50%
You're counting down the days 'til I fall from my pedestal Obsession
50%
Hold me, I just can't be without you On a Night Like This
50%
I don't need a load of guys to pump up my self-esteem One Boy Girl
50%
I know your star sign, what's on your bed side One More Time
50%
There's nothing stopping us, you don't have to go Please Stay
50%
I see a million different faces but no one's looking in my eyes Put Your Hands Up (If You Feel Love)
50%
You've been bruised, you've been broken Red Blooded Woman
50%
You got the bass, I can pick up the pace Rhythm of Love
50%
I can't fight the situation, I'm giving in to your temptation | The space I'm in, it feels so real, gotta sit back and exhale Right Here, Right Now
50%
We all get wanderlust in the darkest place Say Something
50%
I think I knew what I was doing by falling into his arms again Secrets
50%
Don't confuse emotions with the pleasure principle Secret (Take You Home)
50%
Let me see you bounce, bounce, bounce, bounce Sexercize
50%
Say what you want to, you can't make me blush Sexy Love
50%
Surrounded by feelings I hardly recognise Shocked
50%
Under the heat of the spotlight, it was a hell of a tune Shoulda Left Ya
50%
One day the arrow's gonna get through, nothing you can do Somebody to Love
50%
Study my reflection and let the colours fall Some Kind of Bliss
50%
I like the way he touches you Someone For Me
50%
There's a land that I heard of once in a lullaby Somewhere Over the Rainbow
50%
Remember all the promises we swore to? Can't say I didn't warn you So Now Goodbye
50%
I'll happily surrender to your desire Still Standing
50%
I was fighting a big fight, fighting a dark light, raging hard on the inside Story
50%
The way that you move, oh, it's purе intoxication Taboo
50%
That's another place and time, and another you Tell Tale Signs
50%
Come on and let yourself feel the need in me The One
50%
Let's get romantic, overdramatic, it's cinematic when we touch Things We Do For Love
50%
The sand is running quick right through our hands Timebomb
50%
I see you shimmering like a fantasy Vegas High
50%
Don't tell me it ain't right, my heart is my alibi What Do I Have to Do
50%
Don't want to hear your hard-luck story, it's the same time after time What Kind of Fool? (Heard all that Before)
50%
The world's trying to break me, I need you to save me Where Does the DJ Go?
50%
Do your part, cure a lonely heart Your Disco Needs You
50%
It's taken everything I have to get to here Your Love
50%
Electric fields never felt so real when you held me tight You Still Get Me High
50%
Oh, what a cocktail time, oh, we're loving all the fairy lights 100 Degrees
25%
Outside under the purple sky, diamonds in the snow sparkle 2000 Miles
25%
Let me give you something for your appetite After Dark
25%
There's a feeling that's surrounding, it's in every move you make Always Find the Time
25%
Remember back in '99? A Second to Midnight
25%
I didn't feel you enter in my main menu Automatic Love
25%
Don't think about the future now, these few hours Bittersweet Goodbye
25%
Softer than satin was the light from the stars Blue Velvet
25%
Everything I like about myself is better with you Celebrate You
25%
Every man who ever sees me wants to hold my hand Chiggy Wiggy
25%
'Just walk away,' those windows say, but I can't believe you're gone Christmas Lights
25%
Then suddenly we laughed and laughed, caught on to what was happening Christmas Wrapping
25%
In these confines we start to shine | Sometimes this feels so right, I'm losing my mind Closer
25%
I wanted so much but only needed you Cosmic
25%
It's been so long, I know our two hearts are strong Count the Days
25%
Can't stop, no clock, another shot | Happy, so free, look at me Dance Alone
25%
We're not even friends so how can we be lovers? Dancefloor
25%
Want you in the worst way, it ain't even your birthday Dance Floor Darling
25%
Can't you see you have the power to make or break my day? Dangerous Game
25%
Who cares if it breaks down the heartache, I'm ready to fall Do It Again
25%
It's Christmas time, there's no need to be afraid Do They Know It's Christmas?
25%
You put me to the test and I understand Drunk
25%
I got a hot date with my mistakes Edge of Saturday Night
25%
When everything's too much, don't run and hide Enjoy Yourself
25%
I know you've been hurting but I've been there waiting to be there for you Everybody's Free (To Feel Good)
25%
Thinking of all the storms we’ve weathered, thanks for pulling me through Every Day's Like Christmas
25%
I come with lessons and confessions like the kind that you have never said out loud Every Little Part of Me
25%
Fooling myself feels so sweet, reality looks black and white Everything is Beautiful
25%
Kiss the past till it's better, make it last if you can Falling
25%
We can walk in the sun one last time Feels So Good
25%
Blow out the candles with you, blow up a hundred balloons Fine Wine
25%
My step into eternity is not what it might have been Flower
25%
Catch my breath, can't think straight, gotta make a plan Fragile
25%
Bumping to the hot track, people take a step back Heartbeat Rock
25%
Just a step with a good intention is all that it takes Heaven and Earth
25%
I got this high without taking a pill Higher
25%
Your signature is on my hip I Don't Need Anyone
25%
Colour shine, a sunbeam through my mind I Feel For You
25%
My tongue gets tied and my mouth gets dry If I Was Your Lover
25%
Gotta keep on pumpin' it up 'cause I like it I Guess I Like It Like That
25%
You say the magic has gone forever, but deep down inside I don't believe it's so I'll Still Be Loving You
25%
I was like a lonely star at night, waiting for someone to share the light I Love It
25%
I read all your letters over and over and over I Miss You
25%
You know I've tried to keep my tears held back inside I'm Over Dreaming (Over You)
25%
I feel as if I know you and we only met tonight I'm So High
25%
There'll be much mistletoeing and hearts will be glowing when loved ones are near It's the Most Wonderful Time of the Year
25%
If you jump into your bed, quickly cover up your head I Wish It Could Be Christmas Everyday
25%
If I'm grubby, let the dirt stay Jump
25%
Promise I will make it worth it if you prove your love for me Kiss of Life
25%
Let's make some magic, supercalifragilistic love Last Chance
25%
I have my radar on you so let's get physical Like a Drug
25%
Slept by candlelight, scared of running out of time Live a Little
25%
You can look around but you can never go back Live and Learn
25%
I'm waiting for my Seraphim Looking for an Angel
25%
When I see you, you bring out a special need in me Look My Way
25%
The universe was ours and then it disappeared Lost Without You
25%
Giving in to all of this, fascinated by your kiss Loving Days
25%
When I wanna leave, you know what song to play Low Blow
25%
I'm a soldier to my own emptiness Marry the Night
25%
Head and heart are so young Midnight Ride
25%
The world is in your hands but all your love, love, love is for me Mr President
25%
Your voice is lost in the breeze when you’re not there Music's Too Sad Without You
25%
Though we've never met, don't think I'm naive My Secret Heart
25%
You're more than just a memory, the things that you do to me No World Without You
25%
Pop that zipper for me and then work that thing out Nu-di-ty
25%
An elixir, a super fixer, oh the things that you could do for me Oh Santa
25%
Oh your touch and your whispers, how i need them One Last Kiss
25%
It's just the touch of your hand behind a closed door Only You
25%
I'm a fussy girl and love's an art Password
25%
I've been good, tried to keep my hands on the table Physical
25%
You lied to me, you locked my heart and threw the key Promises
25%
We were close to something, ended up with nothing Radio On
25%
Playing by the rules when you wanna be led astray Raining Glitter
25%
I can't stand anothеr day knowing that you are the one Real Groove
25%
Hard to be fair to you when I got my heart broke Really Don't Like U
25%
So take your time to love the people you got by your side Rollin'
25%
I really do believe in you, let's see if you believe in me Santa Baby
25%
The water's warm, it's making me in the mood to play Say Hey
25%
Energized by all the pleasure and pain Sensitized
25%
The longest of days and the starriest nights, rocking and rolling and running those lights Shelby '68
25%
Even when it hurts, there’s nothing on Earth I wouldn’t do for you Sincerely Yours
25%
Let me bask in you like rays of the sun Skirt
25%
You think I can't be alone, well this woman's here to show you Someday
25%
Set your mind on freaky mode, where you wanna go? Speakerphone
25%
Open up your mind's eye and light up familiar faces Stars
25%
I wanna tell you everything that's on my mind, baby,even if I choke Starstruck
25%
I'm lost in hesitation, my heart's a little shaken Stop Me from Falling
25%
The way you got me, I'm on my way to your dimension Supernova
25%
Come, we'll explore forbidden passions together Surrender
25%
Every mad effect must be sent to get me high Sweet Music
25%
It's hard to stop my head from spinning Take Me With You
25%
My heart, it hurts, it hurts, it hurts for you The Other Boys
25%
Time takes away the pain and the sun will shine again The World Still Turns
25%
If your dreams go nowhere, don't give up the fight Things Can Only Get Better
25%
I was going to confiscate my lace and wrap it up in a sailor's knot and hide it in your case This Wheel's on Fire
25%
Promises and lies ignite the fire Through the Years
25%
There's a love I can't deny and it's too much to keep inside Tightrope
25%
I'm just a pebble on the beach and I sit and wonder why Time Will Pass You By
25%
Trapped my very own self in the snare of my mind Too Far
25%
Push me to the brim and you fill me to the brink Too Much
25%
He gives me a shot of love and I'm as good as new Under the Influence of Love
25%
Your heart plays my drum and true love's the beat Unstoppable
25%
Calling you to action Voices
25%
I'm here, I'm waiting, use your imagination Whenever You Feel Like It
25%
I'm a woman and I've got my vanity Where Has the Love Gone?
25%
The sun and the moon would be mine if only you'd stay Where in the World?
25%
They don't understand that together we're one Where is the Feeling?
25%
I bleed like a pig, it’s not so unusual Whistle
25%
We sang along to 'Fairy Tale of New York' until we cried White December
25%
I thought about it, but it took until now to crystallise it into a phrase White Diamond
25%
Gone away is the blue bird, here to stay is the new bird Winter Wonderland
25%
I can wait 'til cocktail time when we're dancing under neon lights 100 Degrees (Still Disco to Me)
0%
Havin' it all was a bit of a ball but the truth keeps rollin' around Absolutely Anything and Anything At All
0%
You were never at home when I called you on the phone All I Wanna Do is Make You Mine
0%
We're edging closer to broken rules and getting carried away Almost a Lover
0%
All the leaves have left the trees but these feelings still remain At Christmas
0%
Now I understand your game, I just can't lose Baby
0%
She's ferocious and she knows just what it takes to make a pro blush Bette Davis Eyes
0%
These photographs don't relieve me, they're all I have of you since you left Black and White
0%
You're on the guest list for sonic bliss Boombox
0%
I just wanna know the score, so get up on the floor Boy
0%
A fascinating rhythm divine BPM
0%
Every time I settle down it's true, no signs to tell us what to do Break This Heartbreak
0%
It's nestled among the ghosts of the pines under the shadow of a precipice Bury Me Deep in Love
0%
If it ain’t about you then I’ve run out of words to say Can't Stop Writing Songs About You
0%
When you dance close to me, it's just too sexy Carried Away
0%
I hear you calling after midnight, after all night like a Van Gogh Chasing Ghosts
0%
The more I think of you the more I melt like ice cream Cherry Bomb
0%
You’re on your way now lover and I’m over the moon Christmas Isn't Christmas 'Til You Get Here
0%
It's best that we'd be getting a little wicked on it tonight City Games
0%
Flashes filling the silence of a Hollywood love affair Cool
0%
The world is falling down around us, we didn't notice anyway Cover Me With Kisses
0%
Rehearsed steps on an empty stage, that boy's got my heart in a silver cage Crave You
0%
The minute you get here is the minute you melt me Cried Out Christmas
0%
No more bumper-to-bumper cars for me Cruise Control
0%
The bright light of salvation up in dark and empty skies Death is Not the End
0%
Forgive these words I'm yet to speak, I feel so ashamed Devotion
0%
It's the laughter beyond the tears that you need to hear Difficult By Design
0%
What's holding you back? (Can you feel it?) Do You Dare?
0%
Wе were once all in, wе were dancing skin on skin Drum
0%
On the road to God knows where Free
0%
I can complement you well, especially in red GBI
0%
You look so fine, come a little closer Getting Closer
0%
It feels like the sun, to think it's only begun G-House Project
0%
You need something new to wear, like a brand new hat Glad to be Alive
0%
I cry your name in pleasure every time that I'm in pain Glow
0%
Tell me, do you like the thrill of the chase? Go Hard or Go Home
0%
I forgot your name and now everything's gone Golden Boy
0%
Thinking back to long ago, you were a mystery Good Life
0%
I've been patient, I've been good somehow Good Like That
0%
Is it time you asked yourself to turn away? Gotta Move On
0%
There's only so many notes that you can play Harmony
0%
Everything inside of me calls out your name now Heartstrings
0%
Now I know what's way beyond the moon Heavenly Body
0%
Must be a full moon tonight, it's like an aphrodisiac in the sky Hey Lonely
0%
Rain or shine, you will be mine and you know it'll be soon I Am the One For You
0%
I love you in death and the afterlife I Don't Know What It Is
0%
You got me feeling naked with nothing but a bleeding heart exposed If I Can't Have You
0%
You can ask me anything, I will do it If You Don't Love Me
0%
Each time your lips touch mine, they taste like sparkling wine I'm Gonna Be Warm This Winter
0%
Why can't you see this is a fantasy world? In Denial
0%
In the flights of fireflies, there is a pattern recognised I Talk Too Much
0%
Snowin' and blowin' up bushels of fun Jingle Bell Rock
0%
There's nothing fatal in attraction, I'm just looking for some action Just Wanna Love You
0%
Fit the part, tie your name upon my heart King or Queen
0%
I'm sick of going round in circles, it's time I put you on the course Lazy
0%
I'm all on my own, quietly sleeping in my home Lhuna
0%
I'm still here while fragments of the past return Limpido
0%
Boy meets girl where the beat goes on Love is the Drug
0%
I'm feelin' fine and love is, love is hard to find Love is Waiting
0%
How did I fall prey to this? Pleasure is my only guide Love Takes Over Me
0%
Will it be just like a ringing bell when it calls me? Made in Heaven
0%
It's like a million beats in a Parisian heart Made of Glass
0%
I'm scared this feeling's out of my hands Magnetic Electric
0%
I was scared, I was terrified, but you made me reach inside Mighty Rivers
0%
He sings a little song wherever he goes Monkey Man
0%
There's something about you, boy, that makes me sweat Need You Tonight
0%
Should my heart fly or be sinking? Never Spoken
0%
In the heat of our love, don't need no help for us to make it Night Fever
0%
Just the touch of your hand and I know we're gonna make it Nothing Can Stop Us
0%
The sun is dancing on the sea Ocean Blue
0%
On répare nos vies en plastique, on penche, mais on connaît la musique On Oublie Le Reste
0%
There's never time enough, the hours go too fast Paper Dolls
0%
Back on my feet, another week is nearly over Rendezvous at Sunset
0%
Lady Luck metalically reflecting the retro maxi fashion in style Rippin' Up the Disco
0%
You got the shock of a lifetime because I've only just begun Ruffle My Feathers
0%
He knows if you've been bad or good, so be good for goodness sake! Santa Claus is Coming to Town
0%
High on the mountain side, you can count on me Say the Word (I'll Be There)
0%
Don't you know which clothes even fit me? Should I Stay or Should I Go?
0%
If you ever leave me, baby, I don't want no-one else Shout
0%
Beyond the realm of us is nothing, nothing that matters Silence
0%
You've been giving her your kiss and it almost makes me sick Sleeping With the Enemy
0%
With every kiss the colours change, bleeding into one Slow Motion
0%
I'm like a leaf up on the water, cradled by your greatness Sometime Samurai
0%
Forget all that I said, can't we go back to bed? Soul on Fire
0%
Now you're just panicking because you're left defeated and you see nothing but dark Sparks
0%
For miles around, I heard about the things they got going on behind closed doors Spotlight
0%
Thought I heard you say you love me, that your love was gonna be here to stay Stay Another Day
0%
I wonder when the sky will fall Stay This Way
0%
And I wanna get lost in isolation, baby I'm filled with fascination Still Feels Like the First Time
0%
Just try not to worry, you'll see us someday Stop Crying Your Heart Out
0%
Before you know where you are you're saying goodbye The Crying Game
0%
I'm flying high up in the sky, can you see? The Magic Roundabout
0%
Trying hard to understand, but really not, you're seeing me The Real Thing
0%
I sold the Renoir and the TV set The Reflex
0%
Leavin' me the recollection of your heavenly connection There Must Be an Angel (Playing With My Heart)
0%
I was a fool playing by the rules The Winner Takes It All
0%
I tire easily and hurry to the ending This Girl
0%
If everybody's got an angel, baby you're the one to fly me home Till You Love Somebody
0%
It's something special, so don't abuse it Too Much of a Good Thing
0%
Never know why stars shine bright, oh how could a wrong never be right? Wait
0%
We're all the same, gotta share the pain, lift you up We Are One
0%
They say we're crazy 'bout the risk we're taking We Know the Meaning of Love
0%
I’ve been here so long and you could have my hand to hold What You Waiting For
0%
The moon is right, the spirits up, we're here tonight Wonderful Christmastime
0%
They share a look in silence and everything is understood Wonderful Life
0%
Your Girl Friday seven days a week You Make Me Feel
0%
Show me all the things you never show, light this fire Your Body
0%
No matching quizzes found
Score Distribution
Percent of People with Each Score
Percentile by Number Answered
Your Score History
You have not taken this quiz since the last reset